| 000 | 00732nam a2200217Ia 4500 | ||
|---|---|---|---|
| 003 | GCL | ||
| 008 | 140319s9999 xx 000 0 ara d | ||
| 040 |
_aGCL / _cGCL |
||
| 082 | 0 | 4 |
_a819 _bب ا |
| 100 | 1 | _aمصطفى السقا | |
| 245 | 1 | 0 |
_aالاقتضاب فى شرح ادب الكتاب ( 3 مج فى 2 ج ) / _cمصطفى السقا |
| 700 | 1 | _aالبطليوسى , ابومحمد عبدالله | |
| 700 | 1 | _aحامد عبدالمجيد | |
| 300 | _a3 مج فى 2 | ||
| 490 | _a | ||
| 650 | 0 | 4 | _aالبلاغة العربية |
| 650 | 0 | 4 | _aالشعر العربى - تاريخ ونقد |
| 650 | 0 | 4 | _aالادب العربى - تاريخ ونقد |
| 650 | 0 | 4 | _aابن قتيبة الدينورى |
| 942 |
_2ddc _cBK |
||
| 999 |
_c51767 _d51767 |
||